00419nam a2200121Ia 4500008004100000245007700041245001700118260000900135650001300144856004800157999001900205952007300224171211s9999 xx 000 0 und d 4aThe Rodwell Files: The Secrets of a World Bridge Champion by Mark Horton cEric Rodwell c2011 xGAMBLING uhttp://down.ebook777.com/040/189710667X.pdf c348996d348996 001040aCLbCLd2017-12-11l0r2017-12-11 00:00:00w2017-12-11yCBE